[Event "GER-chT U16"]
[Site "Willingen"]
[Date "2021.06.26"]
[Round "6.9"]
[White "Gerold, Robin"]
[Black "Seinsoth, Paul"]
[Result "1/2-1/2"]
[WhiteElo "1438"]
[BlackElo "1737"]
[PlyCount "148"]
[EventDate "2021.06.23"]
[EventType "team-swiss"]
[EventRounds "7"]
[EventCountry "GER"]
[SourceTitle "CBM 203 Extra"]
[Source "ChessBase"]
[SourceDate "2021.09.30"]
[SourceVersion "1"]
[SourceVersionDate "2021.09.30"]
[SourceQuality "1"]
[WhiteTeam "Biberach"]
[BlackTeam "Erfurt SK"]
[WhiteTeamCountry "GER"]
[BlackTeamCountry "GER"]

1. e4 c5 2. Nf3 d6 3. Bb5+ Bd7 4. Bxd7+ Qxd7 5. b3 Nc6 6. Bb2 Nf6 7. d3 g6 8. Nc3 Bg7 9. Nd5 0-0 10. 0-0 Rab8 11. Re1 Nd4 12. Nxf6+ Bxf6 13. Nxd4 Bxd4 14. Bxd4 cxd4 15. e5 Rbc8 16. Rc1 Rc7 17. a4 Rfc8 18. exd6 Qxd6 19. g3 Rc5 20. Re2 Rh5 21. f4 Qd7 22. Qf1 Rhc5 23. Qf2 e6 24. Re4 Rd5 25. Re2 Rc3 26. Rd1 b5 27. axb5 Qxb5 28. Rdd2 Qd7 29. Re4 Rcc5 30. Re1 Ra5 31. Re4 Ra1+ 32. Re1 Rda5 33. Rdd1 R1a2 34. Re2 Rb2 35. Rc1 Raa2 36. Rd2 Qd5 37. Re2 Qc5 38. Kg2 Qc6+ 39. Kh3 Ra5 40. g4 Qd7 41. Kg3 h5 42. h3 Rba2 43. Re4 Rd5 44. Rce1 Raa5 45. Re5 hxg4 46. hxg4 Qc7 47. Rxd5 Rxd5 48. Re2 a5 49. Kg2 Qc6 50. Qf3 Qd6 51. Kg1 Rb5 52. Rh2 Qb4 53. Kf1 Rb8 54. Qh3 Kf8 55. f5 gxf5 56. gxf5 Ke7 57. Re2 Rf8 58. f6+ Kd7 59. Qf3 Rb8 60. Qh5 Rf8 61. Qh6 a4 62. bxa4 Rg8 63. Qh7 Qb1+ 64. Re1 Rg1+ 65. Kxg1 Qxe1+ 66. Kg2 Qe2+ 67. Kg3 Qe3+ 68. Kg4 Qg1+ 69. Kf4 Qe3+ 70. Kg4 Qg1+ 71. Kf3 Qe3+ 72. Kg2 Qe2+ 73. Kh3 Qf3+ 74. Kh2 Qf2+ 1/2-1/2

[Event "GER-chT U16"]
[Site "Willingen"]
[Date "2021.06.26"]
[Round "5.8"]
[White "Schuh, Robert"]
[Black "Seinsoth, Paul"]
[Result "1/2-1/2"]
[WhiteElo "1588"]
[BlackElo "1737"]
[PlyCount "103"]
[EventDate "2021.06.23"]
[EventType "team-swiss"]
[EventRounds "7"]
[EventCountry "GER"]
[SourceTitle "CBM 203 Extra"]
[Source "ChessBase"]
[SourceDate "2021.09.30"]
[SourceVersion "1"]
[SourceVersionDate "2021.09.30"]
[SourceQuality "1"]
[WhiteTeam "Hoyerswerda"]
[BlackTeam "Erfurt SK"]
[WhiteTeamCountry "GER"]
[BlackTeamCountry "GER"]

1. d4 Nf6 2. c4 e6 3. Nc3 Bb4 4. Qc2 Nc6 5. Nf3 d6 6. a3 Bxc3+ 7. Qxc3 0-0 8. e3 Qe7 9. Be2 e5 10. dxe5 dxe5 11. 0-0 a5 12. b3 Re8 13. Bb2 Bg4 14. Qc2 Rad8 15. Rad1 h6 16. Rxd8 Rxd8 17. Rd1 Rxd1+ 18. Qxd1 Bf5 19. h3 Nd7 20. Ne1 e4 21. Qd5 Qe6 22. Qxe6 Bxe6 23. Bd1 Nc5 24. Bc2 f5 25. Kf1 a4 26. b4 Bxc4+ 27. Kg1 Nb3 28. g4 g6 29. Kg2 Kf7 30. Kg3 b5 31. gxf5 gxf5 32. Kf4 Be6 33. Ng2 Ne7 34. Kg3 Nd2 35. Bc1 Nc4 36. Nf4 Nd5 37. Nxd5 Bxd5 38. Kf4 Kf6 39. Bd1 Ke6 40. Be2 Nd6 41. f3 exf3 42. Bxf3 Bxf3 43. Kxf3 Nc4 44. e4 fxe4+ 45. Kxe4 h5 46. Kd4 c6 47. Kc5 Kd7 48. Kd4 Ke6 49. Kc5 Ne5 50. Be3 Kd7 51. Kd4 Nf3+ 52. Ke4 1/2-1/2

[Event "GER-chT U16"]
[Site "Willingen"]
[Date "2021.06.25"]
[Round "3.8"]
[White "Seinsoth, Paul"]
[Black "Baranyai Molnar, Adam Kristof"]
[Result "1/2-1/2"]
[WhiteElo "1737"]
[BlackElo "1783"]
[PlyCount "145"]
[EventDate "2021.06.23"]
[EventType "team-swiss"]
[EventRounds "7"]
[EventCountry "GER"]
[SourceTitle "CBM 203 Extra"]
[Source "ChessBase"]
[SourceDate "2021.09.30"]
[SourceVersion "1"]
[SourceVersionDate "2021.09.30"]
[SourceQuality "1"]
[WhiteTeam "Erfurt SK"]
[BlackTeam "Neuberg"]
[WhiteTeamCountry "GER"]
[BlackTeamCountry "GER"]

1. e4 c5 2. Nf3 e6 3. d4 cxd4 4. Nxd4 a6 5. Bd3 Qc7 6. Nc3 Nf6 7. 0-0 Bc5 8. Nb3 Be7 9. Be3 0-0 10. Kh1 d6 11. h3 Nbd7 12. f4 b5 13. a3 Bb7 14. Qe1 Nc5 15. Nxc5 dxc5 16. e5 Nd5 17. Nxd5 Bxd5 18. c3 Rad8 19. Qe2 Qc6 20. Rad1 c4 21. Bc2 Bc5 22. Bd4 Qb6 23. Qf2 Bxd4 24. Rxd4 f5 25. exf6 Rxf6 26. Rxd5 exd5 27. Qh4 Rh6 28. Qg4 d4 29. cxd4 Rxd4 30. Re1 Qd8 31. Bf5 Rh4 32. Qe2 Rhxf4 33. Qe6+ Kf8 34. Bxh7 Rf7 35. Bg6 Rdf4 36. Bxf7 Rxf7 37. Qe4 Kg8 38. Qc6 Qd3 39. Qe6 g6 40. Qe8+ Kg7 41. Qe5+ Kh7 42. Re4 g5 43. Kh2 Qd8 44. Rd4 Qe7 45. Qg3 Rg7 46. Rd5 Qf6 47. Rd6 Qxb2 48. Rxa6 Qd4 49. Rc6 Qd5 50. Rd6 Qc5 51. Rf6 Rg6 52. Rf7+ Kh6 53. Qc3 Qd6+ 54. Kg1 Qd1+ 55. Rf1 Qd8 56. Qe5 Qd7 57. Rf8 Rg7 58. Rh8+ Kg6 59. Qe4+ Kf7 60. Qf3+ Ke7 61. Qf8+ Ke6 62. Rh6+ Ke5 63. Qf6+ Kd5 64. Qf3+ Kd4 65. Rf6 Re7 66. Kf1 Qd5 67. Qf2+ Re3 68. Rf3 Qe4 69. Qb2+ Kd3 70. Qe2+ Kd4 71. Qb2+ Kd3 72. Qe2+ Kd4 73. Qb2+ 1/2-1/2

[Event "GER-chT U16"]
[Site "Willingen"]
[Date "2021.06.24"]
[Round "1.9"]
[White "Afonso, Nils"]
[Black "Seinsoth, Paul"]
[Result "0-1"]
[WhiteElo "1960"]
[BlackElo "1737"]
[PlyCount "66"]
[EventDate "2021.06.23"]
[EventType "team-swiss"]
[EventRounds "7"]
[EventCountry "GER"]
[SourceTitle "CBM 203 Extra"]
[Source "ChessBase"]
[SourceDate "2021.09.30"]
[SourceVersion "1"]
[SourceVersionDate "2021.09.30"]
[SourceQuality "1"]
[WhiteTeam "Kornwestheim"]
[BlackTeam "Erfurt SK"]
[WhiteTeamCountry "GER"]
[BlackTeamCountry "GER"]

1. d4 Nf6 2. c4 e6 3. Nc3 Bb4 4. Qc2 Nc6 5. Nf3 d6 6. e4 e5 7. d5 Bxc3+ 8. bxc3 Nb8 9. h3 0-0 10. Be2 Qe7 11. 0-0 h6 12. Re1 Ne8 13. Bd3 Qf6 14. Nh2 Na6 15. Ba3 Nc5 16. Bf1 b6 17. g3 Rb8 18. Bg2 Qg6 19. Rab1 f5 20. Bxc5 dxc5 21. Nf3 Qf6 22. Nh4 f4 23. Qa4 Nd6 24. Qxa7 Bd7 25. Qxc7 Rb7 26. Qxb7 Nxb7 27. Nf5 Bxf5 28. exf5 Qxf5 29. Rxb6 fxg3 30. f3 Na5 31. Re6 Nxc4 32. Re4 Nd2 33. Rg4 Qb1+ 0-1

[Event "GER-chT U16"]
[Site "Magdeburg"]
[Date "2019.12.27"]
[Round "1.3"]
[White "Klaas, Heiko"]
[Black "Seinsoth, Paul"]
[Result "1-0"]
[WhiteElo "1759"]
[BlackElo "1629"]
[PlyCount "77"]
[EventDate "2019.12.27"]
[EventType "team-swiss"]
[EventRounds "7"]
[EventCountry "GER"]
[SourceTitle "CBM 194 Extra"]
[Source "ChessBase"]
[SourceDate "2020.03.31"]
[SourceVersion "1"]
[SourceVersionDate "2020.03.31"]
[SourceQuality "1"]
[WhiteTeam "Hamburger SK"]
[BlackTeam "Erfurt SK"]
[WhiteTeamCountry "GER"]
[BlackTeamCountry "GER"]

1. e4 c5 2. Nc3 a6 3. Nf3 b5 4. d4 cxd4 5. Nxd4 Bb7 6. Be3 d6 7. Qd2 Nc6 8. f3 Qc7 9. Nd5 Qd8 10. Nxc6 Bxc6 11. Bb6 Qb8 12. Nc7+ Kd7 13. Nxa8 Bxa8 14. Be3 e6 15. 0-0-0 Be7 16. Qa5 Qc8 17. Bf4 d5 18. Bd3 Nf6 19. Rhe1 Rd8 20. g4 h6 21. e5 Ne8 22. Be3 Nc7 23. f4 Ke8 24. f5 d4 25. f6 gxf6 26. exf6 Bf8 27. Bf2 Bf3 28. Be2 Bxe2 29. Rxe2 Nd5 30. Rxd4 Bc5 31. Rde4 Nxf6 32. Bxc5 Qxc5 33. Rf4 Qg5 34. Rd2 Nd5 35. Rfd4 Qe3 36. Qxa6 b4 37. Qc6+ Kf8 38. Qc5+ Kg8 39. Rxd5 1-0

[Event "GER-chT U14"]
[Site "Magdeburg"]
[Date "2018.12.30"]
[Round "7.4"]
[White "Seinsoth, Paul"]
[Black "Heutling, Elina"]
[Result "1-0"]
[WhiteElo "1536"]
[BlackElo "1742"]
[PlyCount "113"]
[EventDate "2018.12.27"]
[EventType "team-swiss"]
[EventRounds "7"]
[EventCountry "GER"]
[SourceTitle "CBM 188 Extra"]
[Source "ChessBase"]
[SourceDate "2019.02.26"]
[SourceVersion "1"]
[SourceVersionDate "2019.02.26"]
[SourceQuality "1"]
[WhiteTeam "Erfurt SK"]
[BlackTeam "Magdeburg Schachzwerge"]
[WhiteTeamCountry "GER"]
[BlackTeamCountry "GER"]

1. e4 c5 2. Nf3 Nc6 3. d4 cxd4 4. Nxd4 Qb6 5. Nb3 Nf6 6. Nc3 e6 7. Be3 Qc7 8. a3 Be7 9. Be2 a6 10. 0-0 0-0 11. f3 b5 12. Rc1 Rd8 13. Qe1 b4 14. axb4 Nxb4 15. Na4 Rb8 16. Nc3 Nxc2 17. Rxc2 Rxb3 18. Qf2 Qb7 19. Ra1 a5 20. Bf1 d5 21. Rxa5 Bd7 22. exd5 exd5 23. Bc5 Bxc5 24. Rxc5 Be6 25. Rd2 Nd7 26. Ra5 Nb6 27. Bd3 Rb8 28. Ra2 Bd7 29. Qh4 h6 30. Bc2 Nc4 31. Bxb3 Nxd2 32. Bxd5 Qc7 33. Qd4 Nb3 34. Bxb3 Rxb3 35. Ra7 Rb7 36. Rxb7 Qxb7 37. Nd5 Be6 38. Nf4 Bb3 39. Nh5 f6 40. Nf4 Kf7 41. Nd3 Qe7 42. Kf2 Qc7 43. Nc5 Be6 44. h3 Qa5 45. Nxe6 Kxe6 46. b4 Qb5 47. Ke3 Qg5+ 48. Kf2 Qb5 49. Qe4+ Kd6 50. Ke3 Qg5+ 51. Qf4+ Kc6 52. Qxg5 hxg5 53. Ke4 g6 54. g4 Kb5 55. Kd5 Kxb4 56. Ke6 Kc4 57. Kxf6 1-0

[Event "GER-chT U14"]
[Site "Magdeburg"]
[Date "2018.12.29"]
[Round "5.4"]
[White "Handschuh, Felix"]
[Black "Seinsoth, Paul"]
[Result "1/2-1/2"]
[WhiteElo "1524"]
[BlackElo "1536"]
[PlyCount "49"]
[EventDate "2018.12.27"]
[EventType "team-swiss"]
[EventRounds "7"]
[EventCountry "GER"]
[SourceTitle "CBM 188 Extra"]
[Source "ChessBase"]
[SourceDate "2019.02.26"]
[SourceVersion "1"]
[SourceVersionDate "2019.02.26"]
[SourceQuality "1"]
[WhiteTeam "Ergolding"]
[BlackTeam "Erfurt SK"]
[WhiteTeamCountry "GER"]
[BlackTeamCountry "GER"]

1. e4 c5 2. b3 d6 3. Bb5+ Bd7 4. Bxd7+ Qxd7 5. Bb2 Nc6 6. Nf3 Nf6 7. e5 dxe5 8. Nxe5 Nxe5 9. Bxe5 e6 10. 0-0 Bd6 11. Qe2 Bxe5 12. Qxe5 Rc8 13. d3 0-0 14. Nd2 b5 15. Rad1 Rfd8 16. Qe2 Qc7 17. c4 a6 18. Rc1 Qa5 19. Nf3 Qb6 20. Rfd1 h6 21. h3 b4 22. Rd2 Rc7 23. Rcd1 Rcd7 24. Qe3 Qc7 25. d4 1/2-1/2

[Event "GER-chT U14"]
[Site "Magdeburg"]
[Date "2018.12.27"]
[Round "2.4"]
[White "Seinsoth, Paul"]
[Black "Albrecht, Joel"]
[Result "1-0"]
[WhiteElo "1536"]
[BlackElo "774"]
[PlyCount "63"]
[EventDate "2018.12.27"]
[EventType "team-swiss"]
[EventRounds "7"]
[EventCountry "GER"]
[SourceTitle "CBM 188 Extra"]
[Source "ChessBase"]
[SourceDate "2019.02.26"]
[SourceVersion "1"]
[SourceVersionDate "2019.02.26"]
[SourceQuality "1"]
[WhiteTeam "Erfurt SK"]
[BlackTeam "Schoeneck"]
[WhiteTeamCountry "GER"]
[BlackTeamCountry "GER"]

1. e4 c5 2. Nf3 Nc6 3. d4 cxd4 4. Nxd4 Nf6 5. Nc3 g6 6. f3 Bg7 7. Be3 0-0 8. Be2 d6 9. Qd2 Bd7 10. 0-0-0 Rc8 11. Kb1 Ne5 12. g4 Nc4 13. Bxc4 Rxc4 14. h4 a6 15. h5 b5 16. Qh2 e6 17. hxg6 fxg6 18. Qxd6 Qc8 19. Rd2 b4 20. Nd1 e5 21. Qxe5 Nxg4 22. Qd5+ Kh8 23. fxg4 Bxg4 24. Nb3 Bf3 25. Rh4 Bxd1 26. Rxd1 Rxc2 27. Rxh7+ Kxh7 28. Rh1+ Bh6 29. Bxh6 Rff2 30. Bf8+ Rh2 31. Qf7+ Kh8 32. Qg7# 1-0

[Event "GER-ch U25-B"]
[Site "Willingen"]
[Date "2018.05.23"]
[Round "5"]
[White "Strack, Patrick"]
[Black "Seinsoth, Paul"]
[Result "1/2-1/2"]
[WhiteElo "1742"]
[BlackElo "1616"]
[PlyCount "60"]
[EventDate "2018.05.19"]
[EventType "swiss"]
[EventRounds "9"]
[EventCountry "GER"]
[SourceTitle "CBM 184 Extra"]
[Source "ChessBase"]
[SourceDate "2018.06.28"]
[SourceVersion "1"]
[SourceVersionDate "2018.06.28"]
[SourceQuality "1"]

1. e4 c5 2. Nf3 Nc6 3. d4 cxd4 4. Nxd4 Nf6 5. Nc3 d6 6. Bc4 e6 7. 0-0 Be7 8. Be3 0-0 9. Qe2 a6 10. a4 Qc7 11. f4 Bd7 12. Nb3 Na5 13. Nxa5 Qxa5 14. Rfd1 Rac8 15. Bb3 Rxc3 16. bxc3 Nxe4 17. Bd2 Nxc3 18. Bxc3 Qxc3 19. Rab1 Qc7 20. Rd3 Rc8 21. Rg3 Bf6 22. Rd1 d5 23. f5 Qb6+ 24. Kh1 Re8 25. fxe6 fxe6 26. Rf1 Qd4 27. c3 Qe5 28. Re3 Qd6 29. Rg3 Qe5 30. Re3 Qd6 1/2-1/2

[Event "GER-ch U25-B"]
[Site "Willingen"]
[Date "2018.05.21"]
[Round "3"]
[White "Bock, Marlon"]
[Black "Seinsoth, Paul"]
[Result "0-1"]
[WhiteElo "1346"]
[BlackElo "1616"]
[PlyCount "108"]
[EventDate "2018.05.19"]
[EventType "swiss"]
[EventRounds "9"]
[EventCountry "GER"]
[SourceTitle "CBM 184 Extra"]
[Source "ChessBase"]
[SourceDate "2018.06.28"]
[SourceVersion "1"]
[SourceVersionDate "2018.06.28"]
[SourceQuality "1"]

1. d4 Nf6 2. Nf3 e6 3. e3 b6 4. Bd3 Bb7 5. Nbd2 Be7 6. b3 0-0 7. 0-0 d5 8. Bb2 Nbd7 9. Ne5 c5 10. c4 Qc7 11. Qc2 Bd6 12. f4 h6 13. Ndf3 Rac8 14. Rac1 Ne4 15. Rfd1 Ndf6 16. Qb1 Qe7 17. Nd2 Rfd8 18. Bxe4 dxe4 19. Nf1 cxd4 20. exd4 Nh5 21. g3 f5 22. Ne3 Bxe5 23. dxe5 Qc5 24. Kf2 g5 25. Bd4 Qe7 26. Rd2 gxf4 27. Ng2 e3+ 28. Nxe3 fxe3+ 29. Bxe3 Rxd2+ 30. Bxd2 Qc5+ 31. Be3 Qxe5 32. Rd1 Qg7 33. Qd3 Nf6 34. Bd4 Rd8 35. Qe2 Ne4+ 36. Ke3 Qg5+ 37. Kd3 e5 38. Kc2 Rxd4 39. Rxd4 exd4 40. c5 Qd2+ 41. Qxd2 Nxd2 42. Kxd2 bxc5 43. Kd3 Ba6+ 44. Kd2 Kf7 45. a3 Ke6 46. Kd1 Ke5 47. Kd2 Ke4 48. b4 cxb4 49. axb4 Kf3 50. Ke1 d3 51. b5 Bxb5 52. Kd1 Ke3 53. Ke1 d2+ 54. Kd1 Ba4# 0-1

[Event "GER-ch U25-A"]
[Site "Willingen"]
[Date "2017.06.06"]
[Round "5"]
[White "Wastian, Mareike"]
[Black "Seinsoth, Paul"]
[Result "1/2-1/2"]
[WhiteElo "1586"]
[BlackElo "1455"]
[PlyCount "56"]
[EventDate "2017.06.04"]
[EventType "swiss"]
[EventRounds "9"]
[EventCountry "GER"]
[SourceTitle "CBM 178 Extra"]
[Source "ChessBase"]
[SourceDate "2017.06.22"]
[SourceVersion "1"]
[SourceVersionDate "2017.06.22"]
[SourceQuality "1"]

1. e4 c5 2. d4 cxd4 3. c3 dxc3 4. Nxc3 Nc6 5. Nf3 d6 6. Bc4 a6 7. 0-0 Nf6 8. Qe2 Bg4 9. Rd1 Qc7 10. Bf4 e6 11. h3 Bxf3 12. Qxf3 Be7 13. Rac1 Rd8 14. Bb3 Qb8 15. Na4 Na5 16. Bc2 b5 17. Nc5 e5 18. Bd2 dxc5 19. Bxa5 Rxd1+ 20. Rxd1 0-0 21. Qd3 c4 22. Qe3 Rc8 23. b3 Bc5 24. Qf3 Bb6 25. Bb4 Bc5 26. Ba5 Bb6 27. Bb4 Bc5 28. Ba5 Bb6 1/2-1/2

[Event "GER-ch U25-A"]
[Site "Willingen"]
[Date "2017.06.04"]
[Round "1"]
[White "Zell, Mirjam"]
[Black "Seinsoth, Paul"]
[Result "1-0"]
[WhiteElo "1640"]
[BlackElo "1455"]
[PlyCount "39"]
[EventDate "2017.06.04"]
[EventType "swiss"]
[EventRounds "9"]
[EventCountry "GER"]
[SourceTitle "CBM 178 Extra"]
[Source "ChessBase"]
[SourceDate "2017.06.22"]
[SourceVersion "1"]
[SourceVersionDate "2017.06.22"]
[SourceQuality "1"]

1. e4 c5 2. Nf3 Nc6 3. d4 cxd4 4. Nxd4 Nf6 5. Nc3 d6 6. Bc4 e6 7. Be3 Be7 8. f3 0-0 9. Qd2 a6 10. a3 Bd7 11. g4 b5 12. Bb3 Na5 13. Ba2 Qc7 14. h4 Nc4 15. Bxc4 Qxc4 16. h5 Ne8 17. g5 g6 18. Qh2 Ng7 19. hxg6 h5 20. gxh6 1-0

[Event "GER-chT U12"]
[Site "Magdeburg"]
[Date "2016.12.30"]
[Round "7.2"]
[White "Seinsoth, Paul"]
[Black "Klaas, Heiko"]
[Result "1-0"]
[WhiteElo "1391"]
[BlackElo "1594"]
[PlyCount "103"]
[EventDate "2016.12.27"]
[EventType "team-swiss"]
[EventRounds "7"]
[EventCountry "GER"]
[SourceTitle "EXT 2018"]
[Source "ChessBase"]
[SourceDate "2017.10.13"]
[SourceVersion "1"]
[SourceVersionDate "2017.10.13"]
[SourceQuality "1"]
[WhiteTeam "Erfurt SK"]
[BlackTeam "Hamburger SK"]
[WhiteTeamCountry "GER"]
[BlackTeamCountry "GER"]

1. c4 e5 2. Nc3 Nf6 3. g3 d5 4. cxd5 Nxd5 5. Bg2 Nb6 6. a3 Be7 7. b4 a6 8. d3 0-0 9. Nf3 Nc6 10. 0-0 Be6 11. Rb1 Bf6 12. Ne4 Be7 13. Nc5 Bc8 14. Bb2 Bd6 15. Qc2 Nd7 16. Rfd1 Re8 17. d4 exd4 18. Nxd4 Nxd4 19. Rxd4 Qe7 20. Nxb7 Bxb7 21. Bxb7 Ra7 22. Re4 Qf8 23. Bc6 Rd8 24. Rg4 Ne5 25. Bxe5 Bxe5 26. Re4 Bf6 27. Rd1 Rb8 28. Qc4 g6 29. Rd7 a5 30. Rxf7 Qxf7 31. Bd5 c5 32. Bxf7+ Rxf7 33. bxc5 Kg7 34. c6 Rc8 35. Re6 Bb2 36. Qb3 Bd4 37. e3 Bf6 38. Rd6 Be5 39. Rd7 Rxd7 40. cxd7 Rd8 41. Qb5 Bf6 42. Qxa5 Rxd7 43. Qb5 Re7 44. a4 Kf7 45. Kg2 Re6 46. Qc4 Bd8 47. Qd5 Be7 48. a5 Kf6 49. Qb5 Re5 50. Qb2 Ke6 51. a6 Bc5 52. Qb7 1-0

[Event "GER-chT U12"]
[Site "Magdeburg"]
[Date "2016.12.29"]
[Round "5.2"]
[White "Seinsoth, Paul"]
[Black "Wu, Luka"]
[Result "0-1"]
[WhiteElo "1391"]
[BlackElo "1707"]
[PlyCount "98"]
[EventDate "2016.12.27"]
[EventType "team-swiss"]
[EventRounds "7"]
[EventCountry "GER"]
[SourceTitle "EXT 2018"]
[Source "ChessBase"]
[SourceDate "2017.10.13"]
[SourceVersion "1"]
[SourceVersionDate "2017.10.13"]
[SourceQuality "1"]
[WhiteTeam "Erfurt SK"]
[BlackTeam "Mannheim Lindenhof"]
[WhiteTeamCountry "GER"]
[BlackTeamCountry "GER"]

1. c4 e5 2. Nc3 Nc6 3. g3 g6 4. Bg2 Bg7 5. d3 Nf6 6. a3 a5 7. e4 d6 8. h3 Be6 9. Rb1 0-0 10. Nf3 Qd7 11. Ng5 Nd4 12. Nxe6 fxe6 13. Ne2 Rf7 14. Be3 c5 15. b4 axb4 16. axb4 Nxe2 17. Qxe2 cxb4 18. 0-0 Qa4 19. Qb2 Qa3 20. Qxb4 Qxd3 21. Rfd1 Qc2 22. Rd2 Qa4 23. Rxd6 Qxb4 24. Rxb4 Bf8 25. Rbb6 Bxd6 26. Rxd6 Ra6 27. Rd1 Ra4 28. Bh6 Rd7 29. Rc1 Rc7 30. Bg5 Kf7 31. c5 Nxe4 32. Be3 Nf6 33. Rd1 Rd7 34. Rxd7+ Nxd7 35. Bxb7 Rc4 36. c6 Nb8 37. f4 exf4 38. Bxf4 Nxc6 39. Ba6 Rc2 40. Bd3 Rb2 41. Be4 e5 42. Bh6 Rb6 43. Bg5 Ke6 44. Bd3 Kd5 45. Kf2 Rb3 46. Bf1 e4 47. Ke2 Nd4+ 48. Kf2 Rb2+ 49. Ke3 Nf5+ 0-1

[Event "GER-chT U12"]
[Site "Magdeburg"]
[Date "2016.12.28"]
[Round "3.2"]
[White "Schubert, Nikita"]
[Black "Seinsoth, Paul"]
[Result "1-0"]
[WhiteElo "1654"]
[BlackElo "1391"]
[PlyCount "91"]
[EventDate "2016.12.27"]
[EventType "team-swiss"]
[EventRounds "7"]
[EventCountry "GER"]
[SourceTitle "EXT 2018"]
[Source "ChessBase"]
[SourceDate "2017.10.13"]
[SourceVersion "1"]
[SourceVersionDate "2017.10.13"]
[SourceQuality "1"]
[WhiteTeam "Gera"]
[BlackTeam "Erfurt SK"]
[WhiteTeamCountry "GER"]
[BlackTeamCountry "GER"]

1. d4 Nf6 2. Nf3 e6 3. g3 b6 4. Bg2 Bb7 5. 0-0 Be7 6. c4 0-0 7. Nc3 Ne4 8. Qc2 f5 9. Nd2 Nd6 10. e4 fxe4 11. Ndxe4 Nxe4 12. Bxe4 Bxe4 13. Qxe4 Na6 14. Re1 Bf6 15. Be3 Re8 16. a3 c6 17. Qd3 Nc7 18. Bf4 d5 19. Bxc7 Qxc7 20. cxd5 exd5 21. Rac1 Qd6 22. Re3 Re7 23. Rce1 Rae8 24. Rxe7 Rxe7 25. Rxe7 Qxe7 26. Qe3 Bg5 27. Qe2 Qxe2 28. Nxe2 Bf6 29. Kg2 c5 30. Kf3 Kf7 31. b4 cxb4 32. axb4 Ke6 33. b5 g6 34. Ke3 g5 35. h3 h6 36. f4 Be7 37. Kf3 Kf5 38. g4+ Ke6 39. Ng3 Bf6 40. Nf5 h5 41. fxg5 hxg4+ 42. Kxg4 Bh8 43. g6 Kf6 44. g7 Bxg7 45. Nxg7 Kxg7 46. Kf5 1-0